| 000 | 00678nam a22002177a 4500 | ||
|---|---|---|---|
| 001 | 62149 | ||
| 003 | BD-RjUL | ||
| 005 | 20211209081041.0 | ||
| 008 | 170123s1981 ii ||||| b||| 001 0 eng d | ||
| 035 | _a(BD-RjUL)62274 | ||
| 040 |
_aBD-RjUL _beng _cBD-RjUL |
||
| 041 | _aeng | ||
| 082 |
_223 _a354.5484001 _bALP 1981 |
||
| 100 | 1 |
_aAleem, M. A. _9184881 |
|
| 245 | 1 | 0 |
_aPersonnel management in government : _ba state in perspective / _cM. A. Aleem. |
| 260 |
_aNew Delhi : _bOxford & IBH pub., _cc1981. |
||
| 300 |
_axii, 272 p. ; _c21 cm. |
||
| 504 | _aInclude bibliography and index. | ||
| 650 |
_aState governments _x Personnel management. _zIndia _9184882 |
||
| 942 |
_2ddc _cBK |
||
| 999 |
_c62149 _d62149 |
||